000 01181cam a2200253 4500
001 ABS67380
008 031210n2003 000 0 eng u
035 _a(Sirsi) u124595
100 _aBryant, J.
245 _aProfits waiting to be reaped
260 _c2003
490 _aPlanning (for the Natural and Built Environment)
_v28 November 2003, 17-18(2)
520 _aSuggests that contaminated sites can offer valuable business opportunities if the risks are properly managed. Discusses government policy on regenerating brownfield sites and examines the statutory risk based approach outlined in the Environmental Protection Act 1990 Part IIA. Recommends a number of measures which can help landowners assess risk such as Land Conditions Records (LCRs), contaminated land exposure assessment models and soil guideline values. Case study.
590 _aABS
650 _aCONTAMINATED LAND
650 _aBROWNFIELD SITES
650 _aREMEDIATION
650 _aENVIRONMENTAL PROTECTION ACT 1990 PART IIA
650 _aLAND EXPOSURE ASSESSMENT MODELS
650 _aSOIL GUIDELINE VALUES
650 _aLAND CONDITION RECORDS
690 _aREGENERATION
942 _n0
999 _c73943
_d73943